கட்டுரை மலர் தரம் - 05 : புலமைப் பரிசிற் பரீட்சைக்குரியது /

Saved in:
Bibliographic Details
Main Author: த.துரைசிங்கம்
Format: Book
Language:English
Tamil
Published: கொழும்பு : லங்கா புத்தகசாலை,
Subjects:
Tags: Add Tag
No Tags, Be the first to tag this record!

MARC

LEADER 00000nam a22000007a 4500
005 20260411095425.0
008 260411b |||||||| |||| 00| 0 eng d
020 |a 9789551162153 
041 |a tam 
082 |a 894.8114  |b துரைசி 
100 |a த.துரைசிங்கம் 
245 |a கட்டுரை மலர் தரம் - 05 :  |b புலமைப் பரிசிற் பரீட்சைக்குரியது /  |c த.துரைசிங்கம் 
260 |a கொழும்பு :  |b லங்கா புத்தகசாலை, 
300 |a iv + 164 பக்.  |c 20.9Cm. 
650 |a Tamil essays, தமிழ் கட்டுரைகள்  |9 117221 
942 |c BK 
999 |c 71262  |d 71262